Democracy in theory and practice / (Record no. 14161)
[ view plain ]
| 000 -LEADER | |
|---|---|
| fixed length control field | 01847nam a2200253 a 4500 |
| 001 - CONTROL NUMBER | |
| control field | ASIN041550564X |
| 005 - DATE AND TIME OF LATEST TRANSACTION | |
| control field | 20170105102848.0 |
| 008 - FIXED-LENGTH DATA ELEMENTS--GENERAL INFORMATION | |
| fixed length control field | 130820s2012 xxu eng d |
| 020 ## - INTERNATIONAL STANDARD BOOK NUMBER | |
| International Standard Book Number | 041550564X (hardcover) |
| Terms of availability | $145.00 |
| 020 ## - INTERNATIONAL STANDARD BOOK NUMBER | |
| International Standard Book Number | 9780415505642 (hardcover) |
| 040 ## - CATALOGING SOURCE | |
| Original cataloging agency | 0 |
| 050 04 - LIBRARY OF CONGRESS CALL NUMBER | |
| Classification number | JC423 |
| 082 ## - DEWEY DECIMAL CLASSIFICATION NUMBER | |
| Classification number | 321.1 |
| 245 10 - TITLE STATEMENT | |
| Title | Democracy in theory and practice / |
| Statement of responsibility, etc. | Stephen Elstub. |
| 250 ## - EDITION STATEMENT | |
| Edition statement | 1st ed. |
| 260 ## - PUBLICATION, DISTRIBUTION, ETC. | |
| Place of publication, distribution, etc. | [S.l.] : |
| Name of publisher, distributor, etc. | Routledge, |
| Date of publication, distribution, etc. | 2012. |
| 300 ## - PHYSICAL DESCRIPTION | |
| Extent | 120 p. ; |
| Dimensions | 25 cm. |
| 520 ## - SUMMARY, ETC. | |
| Summary, etc. | Democracy is an issue of major importance in theory and practice in politics throughout the world. However, democracy’s study and advancement has been significantly compromised by a dichotomy between theorising about democracy, and empirical studies of democracy in practice. In addition to highlighting the need for this gap to be overcome, this book contributes to overcoming this divide, by demonstrating a number of ways that democracy in theory and practice can be synthesised; deepening our understanding of the relationship between democracy in theory and practice in the process. Different, but related, democratic principles and concepts are considered such as legitimacy, political equality, deliberation, and participation. A range of practical contexts are also investigated including multi-level polities, deeply divided societies, whole polities, local rural and urban areas, and a range of democratic processes, innovations and spectacular events. Moreover, the book sets the agenda for future work to combine democracy in theory and practice. This book was originally published as a special issue of Representation. |
| 650 #0 - SUBJECT ADDED ENTRY--TOPICAL TERM | |
| Topical term or geographic name entry element | Democracy |
| 650 #0 - SUBJECT ADDED ENTRY--TOPICAL TERM | |
| Topical term or geographic name entry element | Democracy--Philosophy |
| 700 1# - ADDED ENTRY--PERSONAL NAME | |
| Personal name | Elstub, Stephen. |
| 856 40 - ELECTRONIC LOCATION AND ACCESS | |
| Materials specified | Amazon.com |
| Uniform Resource Identifier | <a href="http://www.amazon.com/exec/obidos/ASIN/041550564X/chopaconline-20">http://www.amazon.com/exec/obidos/ASIN/041550564X/chopaconline-20</a> |
| 942 ## - ADDED ENTRY ELEMENTS (KOHA) | |
| Source of classification or shelving scheme | |
| Koha item type | Book |
| Withdrawn status | Lost status | Damaged status | Not for loan | Collection code | Permanent Location | Current Location | Shelving location | Date acquired | Total Checkouts | Full call number | Barcode | Date last seen | Price effective from | Koha item type |
|---|---|---|---|---|---|---|---|---|---|---|---|---|---|---|
| Centre for International Peace & Stability (CIPS) | Centre for International Peace & Stability (CIPS) | General Stacks | 08/20/2013 | 321.1 DEM 2012 | CIPS0000038 | 08/20/2013 | 01/05/2017 | Book |
